| 000 | 00690nam a2200277 a 4500 | ||
|---|---|---|---|
| 003 | AR-BaBNM | ||
| 005 | 20251128203214.0 | ||
| 008 | 082120s2002 ||||||||||||||000 | spa|| | ||
| 040 | _cAR-BaBNM | ||
| 100 | 1 | _aBurroughs, Edgar Rice | |
| 245 | 0 | 0 | _aTarzán de los monos |
| 260 |
_aBuenos Aires _bTor _c1945 |
||
| 300 | _a252 p. | ||
| 490 | 0 |
_aTarzán de los monos _vv. 1 |
|
| 530 | _aInternet | ||
| 650 | 4 | _aESCRITORES | |
| 650 | 4 | _aLITERATURA ESTADOUNIDENSE | |
| 650 | 4 | _aCULTURA | |
| 650 | 4 | _aLITERATURA POPULAR | |
| 653 | _aNARRATIVA | ||
| 653 | _aNOVELA DE AVENTURAS | ||
| 655 | _aLITERATURA | ||
| 700 | 1 |
_aRufino, Natal A. _etraductor |
|
| 942 | _cBK | ||
| 998 | _cMARTIN | ||
| 999 |
_c2379 _d2379 |
||